000 00608nam a2200169 4500
001 117439
003 ES-MaACL
005 20230906190914.0
007 t|
008 070214q19801989sp r ||||1| spa d
100 1 _aPera Verdaguer, Francisco.
_990340
245 1 0 _aEvolución de la defensa de la administración ante lo contencioso /
_cpor Francisco Pera Verdaguer.
260 _aMadrid :
_bDirección General de lo Contencioso del Estado,
_c[198_?]
300 _a38 p. ;
_c23 cm.
710 0 0 _aEspaña.
_bDirección General de lo Contencioso del Estado.
_93750
852 _aES-MaACL
_j2129-F-15
_bR.105930
999 _c117439
_d117439